[Event "67th ch-RUS HL w 2017"]
[Site "Sochi RUS"]
[Date "2017.07.04"]
[Round "3.20"]
[White "Samdanova, Surena"]
[Black "Sakorenko, Adriana"]
[Result "1-0"]
[BlackTitle "WFM"]
[WhiteElo "1996"]
[BlackElo "2116"]
[WhiteFideId "24136646"]
[BlackFideId "34130249"]
[EventDate "2017.07.02"]

1. e4 e6 2. d4 d5 3. e5 c5 4. c3 Qb6 5. Nf3 Nc6 6. Na3 cxd4 7. cxd4 Bb4+ 8. Bd2
a6 9. Nc2 Bxd2+ 10. Qxd2 f6 11. Bd3 Qc7 12. O-O f5 13. b4 Nh6 14. Rfc1 Ne7 15.
b5 a5 16. Nce1 Qb6 17. Rc5 Bd7 18. Qg5 Kf7 19. Qh5+ Kf8 20. Ng5 Be8 21. Qh3 Nf7
22. Nef3 h6 23. Nxf7 Kxf7 24. Rac1 Bd7 25. Qh5+ g6 26. Qh4 g5 27. Qh5+ Kg7 28.
Rc7 Rhd8 29. Nxg5 hxg5 30. Qxg5+ Kf7 31. Qf6+ Ke8 32. Be2 1-0

[Event "67th ch-RUS HL w 2017"]
[Site "Sochi RUS"]
[Date "2017.07.04"]
[Round "3.21"]
[White "Lingur, Zalina"]
[Black "Ustich, Ekaterina"]
[Result "1-0"]
[WhiteTitle "WFM"]
[WhiteElo "2087"]
[BlackElo "2022"]
[WhiteFideId "34165670"]
[BlackFideId "24179221"]
[EventDate "2017.07.02"]

1. d4 Nf6 2. Nf3 b6 3. e3 e6 4. Bd3 Bb7 5. O-O c5 6. c4 Be7 7. Nc3 O-O 8. b3 h6
9. Bb2 cxd4 10. exd4 d5 11. Rc1 Nc6 12. Qd2 Rc8 13. Rfd1 dxc4 14. bxc4 Kh8 15.
Be2 Na5 16. Ne5 Nd7 17. Qe3 Qe8 18. Ne4 Ba6 19. d5 f6 20. Nxd7 Qxd7 21. d6 Bd8
22. c5 Bxe2 23. Qxe2 f5 24. Ng3 Bg5 25. Rc2 Rxc5 26. Rxc5 bxc5 27. Nh5 Bf6 28.
Nxf6 gxf6 29. Qe3 Kg7 30. Qxc5 Nb7 31. Qxa7 Rf7 32. Ba3 Qc6 33. Qe3 Qc4 34. d7
Nd8 35. Bc1 Qxa2 36. Qxh6+ Kg8 37. Qg6+ Kf8 38. Bh6+ Ke7 39. Qg8 1-0

[Event "67th ch-RUS HL w 2017"]
[Site "Sochi RUS"]
[Date "2017.07.04"]
[Round "3.22"]
[White "Solozhenkina, Elizaveta"]
[Black "Fominykh, Maria"]
[Result "1-0"]
[WhiteTitle "WIM"]
[BlackTitle "WGM"]
[WhiteElo "2198"]
[BlackElo "2307"]
[WhiteFideId "34106615"]
[BlackFideId "4142411"]
[EventDate "2017.07.02"]

1. e4 e6 2. d4 d5 3. Nc3 Nf6 4. e5 Nfd7 5. f4 c5 6. Nf3 Nc6 7. Be3 Be7 8. Qd2
O-O 9. dxc5 Bxc5 10. Nd4 a6 11. O-O-O Nxd4 12. Bxd4 b5 13. Bxc5 Nxc5 14. Qd4 Qb6
15. g4 b4 16. Ne2 Bd7 17. Kb1 Rfc8 18. Bg2 Ba4 19. Rd2 a5 20. f5 Nd7 21. Qxb6
Nxb6 22. Nd4 Nc4 23. Re2 Bd7 24. h4 Nb6 25. h5 Rc4 26. Rd1 Re8 27. h6 gxh6 28.
f6 Kh8 29. b3 Rc5 30. Rh1 Rg8 31. Bf3 Rg6 32. Reh2 Be8 33. Be2 Rc3 34. Bd3 Rxd3
35. cxd3 Nd7 36. Nf3 Rxg4 37. Rxh6 Nf8 38. R6h4 Rg3 39. R4h3 Rg4 40. Rc1 Bb5 41.
Nh2 Rg5 42. Rc5 Bd7 43. Nf3 Rg4 44. Rxa5 Kg8 45. Ra8 h6 46. Rb8 d4 47. Nxd4 h5
48. Rxh5 Be8 49. Nf3 Rg6 50. Ng5 Bc6 51. Rxf8+ 1-0

[Event "67th ch-RUS HL w 2017"]
[Site "Sochi RUS"]
[Date "2017.07.04"]
[Round "3.23"]
[White "Vinokur, Yuliya"]
[Black "Goltseva, Ekaterina"]
[Result "0-1"]
[WhiteTitle "WFM"]
[BlackTitle "WFM"]
[WhiteElo "2147"]
[BlackElo "2214"]
[WhiteFideId "34127515"]
[BlackFideId "24173770"]
[EventDate "2017.07.02"]

1. d4 d5 2. c4 dxc4 3. e3 e5 4. Bxc4 exd4 5. exd4 Bd6 6. Nf3 Nf6 7. Qe2+ Qe7 8.
Qxe7+ Bxe7 9. O-O O-O 10. Nc3 Bd6 11. Nb5 Bf5 12. Nxd6 cxd6 13. b4 Nbd7 14. Bf4
Nb6 15. Bb3 Rfd8 16. Rfe1 h6 17. Rac1 Nbd5 18. Bg3 Be6 19. h3 Ne8 20. a3 b5 21.
Nd2 a5 22. Ra1 axb4 23. Bxd5 Bxd5 24. axb4 Rxa1 25. Rxa1 Ra8 26. Rxa8 Bxa8 27.
f3 Kf8 28. Ne4 Ke7 29. Kf2 Bd5 30. Ke3 f5 31. Nc3 Nc7 32. Be1 Bc4 33. Bd2 Ke6
34. Be1 Na6 35. Nd1 Bb3 36. Nb2 Ba2 37. Nd1 Bc4 38. Nb2 Bb3 39. Kd3 Nc7 40. Kc3
Ba2 41. Bd2 Nd5+ 42. Kd3 Bb1+ 43. Ke2 Ne7 44. Nd1 Ba2 45. Nc3 Bc4+ 46. Ke3 Kf7
47. g3 Nc6 48. Nd1 Ke6 49. h4 g6 50. Be1 g5 51. hxg5 hxg5 52. Bd2 Kf6 53. Be1
Kf7 54. Bd2 Ke6 55. Be1 Ne7 56. Nc3 f4+ 57. gxf4 Nf5+ 58. Kd2 Nxd4 59. Bg3 gxf4
60. Bxf4 Nxf3+ 61. Ke3 Ne1 62. Ke4 Nc2 63. Bxd6 Kxd6 64. Nxb5+ Bxb5 65. Kf4 Nxb4
66. Ke4 Nd5 67. Kd4 Nf4 68. Ke4 Ne6 69. Kf5 Bd3+ 70. Kf6 Nd8 71. Kg7 Ke7 72. Kg8
Ne6 73. Kh8 Kf6 74. Kg8 Ng5 75. Kh8 Nf7+ 76. Kg8 Bc2 77. Kf8 Bh7 78. Ke8 Ne5 79.
Kd8 Ke6 80. Kc7 Nd7 81. Kb7 Bd3 82. Kc6 Be2 83. Kc7 Bf3 84. Kd8 Kd6 85. Ke8 Bh5+
86. Kd8 Bg6 87. Kc8 Nc5 88. Kd8 Nb7+ 89. Kc8 Kc6 90. Kb8 Kb6 91. Kc8 Bf5+ 92.
Kb8 Nc5 93. Ka8 Bg4 0-1

[Event "67th ch-RUS HL w 2017"]
[Site "Sochi RUS"]
[Date "2017.07.05"]
[Round "4.1"]
[White "Shuvalova, Polina"]
[Black "Tomilova, Elena"]
[Result "1-0"]
[WhiteTitle "WIM"]
[BlackTitle "WIM"]
[WhiteElo "2383"]
[BlackElo "2298"]
[WhiteFideId "24171760"]
[BlackFideId "4162340"]
[EventDate "2017.07.02"]

1. e4 e6 2. d4 d5 3. Nd2 c5 4. exd5 Qxd5 5. Ngf3 cxd4 6. Bc4 Qd7 7. O-O Nc6 8.
Nb3 Nf6 9. Nbxd4 Nxd4 10. Nxd4 a6 11. Re1 Bc5 12. c3 b5 13. Bb3 O-O 14. Bg5 Bxd4
15. cxd4 Nd5 16. Qg4 Bb7 17. Rad1 f6 18. Qxe6+ Qxe6 19. Rxe6 fxg5 20. Rb6 Rab8
21. Rxb7 Rxb7 22. Bxd5+ Rff7 23. Kf1 Kf8 24. Bxb7 Rxb7 25. Ke2 Rc7 26. Kd2 Rc4
27. Kd3 Ke7 28. Re1+ Kd6 29. b3 Rc8 30. h3 h6 31. f3 Rc7 32. Re8 Rc1 33. Ra8 Kd5
34. Rxa6 Rd1+ 35. Ke3 Re1+ 36. Kf2 Rb1 37. Rb6 Kxd4 38. Rxb5 Rb2+ 39. Kg3 Rxa2
40. Rb7 h5 41. Rxg7 h4+ 42. Kh2 Ra5 43. Re7 Kc3 44. Re3+ Kd2 45. Re4 Rf5 46. b4
Kc3 47. Kg1 Rf6 48. Re5 Rg6 49. b5 Kd4 50. Rf5 Ke3 51. b6 g4 52. hxg4 Rxb6 53.
g5 Ra6 54. Kh2 Kf2 55. Kh3 Ra8 56. g6 1-0

[Event "67th ch-RUS HL w 2017"]
[Site "Sochi RUS"]
[Date "2017.07.05"]
[Round "4.2"]
[White "Kashlinskaya, Alina"]
[Black "Assaubayeva, Bibisara"]
[Result "1/2-1/2"]
[WhiteTitle "IM"]
[BlackTitle "WFM"]
[WhiteElo "2438"]
[BlackElo "2386"]
[WhiteFideId "4198026"]
[BlackFideId "13708694"]
[EventDate "2017.07.02"]

1. d4 d5 2. c4 c6 3. Nf3 Nf6 4. e3 Bf5 5. Nc3 e6 6. Nh4 Bg6 7. Nxg6 hxg6 8. Qc2
Nbd7 9. Bd2 Bd6 10. h3 Qe7 11. O-O-O O-O 12. e4 dxe4 13. Nxe4 Nxe4 14. Qxe4 e5
15. Bc3 Nf6 16. Qe3 exd4 17. Qxe7 Bxe7 18. Bxd4 Ne4 19. Bd3 Nc5 20. Bc2 Ne6 21.
Bc3 Bg5+ 22. Kb1 Bf6 23. Bxf6 gxf6 24. Rd7 Nc5 25. Rd6 f5 26. g4 fxg4 27. hxg4
Rfd8 28. Rf6 Rd4 29. g5 Rxc4 30. Bxg6 fxg6 31. Rh6 Re8 32. Rhxg6+ Kh7 33. Rh6+
Kg7 34. Rhg6+ Kh7 35. Rh6+ Kg7 36. Rhg6+ 1/2-1/2

[Event "67th ch-RUS HL w 2017"]
[Site "Sochi RUS"]
[Date "2017.07.05"]
[Round "4.3"]
[White "Belenkaya, Dina"]
[Black "Nechaeva, Marina"]
[Result "0-1"]
[WhiteTitle "WGM"]
[BlackTitle "IM"]
[WhiteElo "2323"]
[BlackElo "2408"]
[WhiteFideId "24142654"]
[BlackFideId "4149351"]
[EventDate "2017.07.02"]

1. e4 c5 2. Nf3 Nc6 3. Bb5 d6 4. O-O Bd7 5. Re1 Nf6 6. c3 a6 7. Bc4 b5 8. Bf1 e5
9. a4 Rb8 10. d4 Qc7 11. Na3 Na7 12. Nc2 Nc8 13. Ne3 Be7 14. Nf5 Bxf5 15. exf5
cxd4 16. cxd4 e4 17. Ng5 d5 18. f3 h6 19. Nh3 O-O 20. axb5 axb5 21. Bf4 Bd6 22.
Rc1 Qb6 23. Kh1 Bxf4 24. Nxf4 Qd6 25. g3 Ne7 26. Rc5 b4 27. Bg2 Rfd8 28. Qd2
exf3 29. Bxf3 Nxf5 30. Bxd5 Ne7 31. Re5 Nexd5 32. Nxd5 Nxd5 33. Rexd5 Qxd5+ 34.
Rxd5 Rxd5 35. Kg2 Rbd8 36. Qxb4 Rxd4 37. Qb6 Rd2+ 38. Kf3 R8d3+ 39. Ke4 Rd6 40.
Qb8+ Rd8 41. Qb6 Re8+ 42. Kf3 Rxh2 43. b4 Ra2 44. b5 Raa8 45. Qc6 Reb8 46. Qe4
Ra3+ 47. Kg2 Rb3 48. Kh3 R3xb5 49. Kg2 Rg5 50. Qc6 Rg6 51. Qc4 Re8 52. Qd4 f6
53. Qd3 Kh7 54. Kf2 Re5 55. Qc2 Rg5 56. Qe4 Rxg3 57. Qf5 Rg5 58. Qe4 Re5 59. Qd3
h5 60. Kf1 Kh6 61. Qd2+ Rgg5 62. Qd8 Rg4 63. Qh8+ Kg6 64. Qc8 Rf5+ 65. Ke2 Re4+
66. Kd3 Rff4 67. Qb8 h4 68. Qh8 Rg4 69. Kd2 Rg3 70. Qa8 Re5 71. Qh8 h3 72. Kd1
Rg1+ 73. Kd2 Rg2+ 74. Kd3 h2 75. Qh3 Reg5 76. Kc4 R2g4+ 0-1

[Event "67th ch-RUS HL w 2017"]
[Site "Sochi RUS"]
[Date "2017.07.05"]
[Round "4.4"]
[White "Girya, Olga"]
[Black "Vasilevich, Tatjana"]
[Result "1-0"]
[WhiteTitle "WGM"]
[BlackTitle "IM"]
[WhiteElo "2502"]
[BlackElo "2365"]
[WhiteFideId "4195752"]
[BlackFideId "14101610"]
[EventDate "2017.07.02"]

1. d4 d5 2. Nf3 e6 3. c4 Nf6 4. Nc3 Be7 5. Bf4 O-O 6. e3 c5 7. cxd5 Nxd5 8. Nxd5
exd5 9. dxc5 Bxc5 10. a3 Nc6 11. Bd3 Bb6 12. O-O d4 13. e4 Bg4 14. h3 Qf6 15.
hxg4 Qxf4 16. g5 Bd8 17. Qc1 Qg4 18. Qc5 Rc8 19. Rac1 Re8 20. Qb5 Bb6 21. Rfe1
Rc7 22. e5 Rce7 23. Re4 Qd7 24. Rce1 Nd8 25. Qb3 Nc6 26. g3 g6 27. Kg2 Kg7 28.
Bb5 Rd8 29. Qd3 Qf5 30. b4 Kg8 31. Bc4 Kg7 32. e6 fxe6 33. b5 Na5 34. Bxe6 Qc5
35. Rh1 Qd6 36. Reh4 Rh8 37. Ba2 Bc5 38. Rf4 Qd8 39. Nxd4 Bxd4 40. Rxd4 Qc7 41.
Rd5 h5 42. Rd6 1-0

[Event "67th ch-RUS HL w 2017"]
[Site "Sochi RUS"]
[Date "2017.07.05"]
[Round "4.5"]
[White "Charochkina, Daria"]
[Black "Galliamova, Alisa"]
[Result "0-1"]
[WhiteTitle "IM"]
[BlackTitle "IM"]
[WhiteElo "2350"]
[BlackElo "2459"]
[WhiteFideId "4180917"]
[BlackFideId "4129725"]
[EventDate "2017.07.02"]

1. d4 Nf6 2. c4 e6 3. Nc3 Bb4 4. Qc2 O-O 5. a3 Bxc3+ 6. Qxc3 b6 7. Bg5 Bb7 8.
Nf3 d6 9. Nd2 Nbd7 10. e3 Re8 11. Bd3 e5 12. O-O c5 13. Bf5 cxd4 14. exd4 exd4
15. Qxd4 Re5 16. Bxd7 Rxg5 17. Bh3 Re5 18. b4 Qc7 19. Qd3 Rae8 20. Rac1 g6 21.
Nf3 R5e7 22. Nd4 a6 23. g3 Nd7 24. Bg2 Ne5 25. Qb3 Bxg2 26. Kxg2 Rc8 27. b5 a5
28. Rc2 Qc5 29. Rd1 Rec7 30. a4 Qb4 31. Qa2 Rxc4 32. Nc6 R4xc6 33. bxc6 Qe4+ 34.
Kg1 Nf3+ 35. Kf1 Nxh2+ 36. Kg1 Nf3+ 37. Kf1 Nh2+ 38. Kg1 Nf3+ 39. Kf1 Ne5 40.
Rc3 Rxc6 41. Rxc6 Qh1+ 42. Ke2 Qxc6 43. Rd4 Qf3+ 44. Kf1 Nd3 45. Qc2 Ne5 46.
Rxd6 Qh1+ 47. Ke2 Qf3+ 48. Ke1 Qh1+ 49. Kd2 Qf1 50. Rd8+ Kg7 51. Kc3 b5 52. axb5
Qxb5 53. Qb2 Qc5+ 54. Kd2 Qxf2+ 55. Kc1 Qe1+ 56. Rd1 Qxg3 57. Qd4 h5 58. Kb1
Qb3+ 59. Kc1 Qc4+ 0-1

[Event "67th ch-RUS HL w 2017"]
[Site "Sochi RUS"]
[Date "2017.07.05"]
[Round "4.6"]
[White "Kovanova, Baira"]
[Black "Ubiennykh, Ekaterina"]
[Result "0-1"]
[WhiteTitle "WGM"]
[BlackTitle "WIM"]
[WhiteElo "2373"]
[BlackElo "2322"]
[WhiteFideId "4164083"]
[BlackFideId "4137582"]
[EventDate "2017.07.02"]

1. Nf3 d5 2. g3 c6 3. Bg2 Bf5 4. d3 h6 5. O-O Nd7 6. Nbd2 Ngf6 7. Qe1 e5 8. e4
dxe4 9. dxe4 Be6 10. b3 Qc7 11. Bb2 Bc5 12. Qe2 b5 13. a4 Rb8 14. axb5 cxb5 15.
h3 O-O 16. Rfc1 Nh7 17. c3 Rfc8 18. Ne1 Be7 19. Nc2 Nc5 20. Nd4 Bd7 21. N4f3 Ng5
22. c4 Nxf3+ 23. Qxf3 Bg5 24. Rd1 Bxd2 25. Rxd2 bxc4 26. Rd5 Nd3 27. Rxd3 cxd3
28. Qxd3 Be6 29. Ra3 Qc5 30. Qa6 Rxb3 31. Ra5 Qc2 32. Bxe5 Rb1+ 33. Bf1 Bxh3 34.
Ra1 Bxf1 0-1

[Event "67th ch-RUS HL w 2017"]
[Site "Sochi RUS"]
[Date "2017.07.05"]
[Round "4.7"]
[White "Mirzoeva, Elmira"]
[Black "Gritsayeva, Oksana"]
[Result "0-1"]
[WhiteTitle "WGM"]
[BlackTitle "WFM"]
[WhiteElo "2314"]
[BlackElo "2372"]
[WhiteFideId "4127951"]
[BlackFideId "14104652"]
[EventDate "2017.07.02"]

1. Nf3 Nf6 2. c4 c5 3. Nc3 Nc6 4. e3 g6 5. d4 d6 6. d5 Nb4 7. a3 Na6 8. e4 Bg4
9. Be2 Bxf3 10. Bxf3 Bg7 11. O-O O-O 12. Rb1 Nd7 13. Bd2 Nc7 14. Be2 e6 15. b4
exd5 16. exd5 Re8 17. Na4 b6 18. Be3 Rb8 19. Qd2 f5 20. Rfe1 Be5 21. bxc5 Nxc5
22. Nxc5 dxc5 23. Bg5 Qd6 24. g3 Rf8 25. Bd1 f4 26. Rxe5 Qxe5 27. Bxf4 Rxf4 28.
gxf4 Qd6 29. f5 Rf8 30. Bc2 gxf5 31. Kh1 Ne8 32. Re1 Ng7 33. Qg5 Rf6 34. Qe3 Rf8
35. Qe5 Qxe5 36. Rxe5 Kf7 37. Ba4 Kf6 38. Re1 Rf7 39. Kg2 Rf8 40. f4 Rd8 41. Bc6
Rd6 42. a4 Kf7 43. a5 Kf8 44. axb6 axb6 45. Kf3 Rh6 46. Ra1 Rh3+ 47. Kg2 Rd3 48.
Ra8+ Kf7 49. Rb8 Ke7 50. Rh8 Rd2+ 51. Kh3 Rd3+ 52. Kh4 Rd4 53. Kg5 Rd2 54. Rxh7
Rg2+ 55. Kh6 Kf6 0-1

[Event "67th ch-RUS HL w 2017"]
[Site "Sochi RUS"]
[Date "2017.07.05"]
[Round "4.8"]
[White "Dordzhieva, Dinara"]
[Black "Savina, Anastasia"]
[Result "1/2-1/2"]
[WhiteTitle "WIM"]
[BlackTitle "IM"]
[WhiteElo "2308"]
[BlackElo "2364"]
[WhiteFideId "24157570"]
[BlackFideId "4196872"]
[EventDate "2017.07.02"]

1. c4 Nc6 2. d4 d5 3. Nc3 Nf6 4. cxd5 Nxd5 5. e4 Nxc3 6. bxc3 e5 7. d5 Nb8 8.
Bb5+ Bd7 9. Be2 Bd6 10. Nf3 O-O 11. O-O b6 12. Be3 Qe7 13. Qc1 Bg4 14. Qc2 f5
15. exf5 Bxf5 16. Qa4 Nd7 17. Nh4 Nc5 18. Nxf5 Nxa4 19. Nxe7+ Bxe7 20. Rac1 Bc5
21. Bd2 Rf6 22. Bb5 Raf8 23. Be1 Ba3 24. Rc2 Nc5 25. f3 e4 26. fxe4 Rxf1+ 27.
Bxf1 Nxe4 28. g3 Bc5+ 29. Kg2 g5 30. Bd3 Nf6 31. Bf5 Kg7 32. Be6 h5 33. c4 Ng4
34. Bxg4 hxg4 35. Bc3+ Kg6 36. Re2 Rf3 37. Be5 Bd6 38. Bxd6 cxd6 39. h3 Rc3 40.
hxg4 Rxc4 41. Re6+ Kf7 42. Rxd6 Ke7 43. Rg6 Rc2+ 44. Kf3 Rxa2 45. Ke4 Ra4+ 46.
Ke5 Rxg4 47. Rg7+ Ke8 48. Ke6 Re4+ 49. Kd6 Rg4 50. Rxa7 1/2-1/2

[Event "67th ch-RUS HL w 2017"]
[Site "Sochi RUS"]
[Date "2017.07.05"]
[Round "4.9"]
[White "Ovod, Evgenija"]
[Black "Styazhkina, Anna"]
[Result "1/2-1/2"]
[WhiteTitle "IM"]
[BlackTitle "WIM"]
[WhiteElo "2363"]
[BlackElo "2252"]
[WhiteFideId "4131827"]
[BlackFideId "24119300"]
[EventDate "2017.07.02"]

1. c4 e5 2. Nc3 Nf6 3. Nf3 Nc6 4. e4 Bc5 5. Nxe5 Nxe5 6. d4 Bb4 7. dxe5 Nxe4 8.
Qd4 f5 9. exf6 Nxf6 10. c5 Qe7+ 11. Be3 Bxc3+ 12. bxc3 O-O 13. Bc4+ Kh8 14. O-O
b6 15. Rfe1 Bb7 16. f3 Rae8 17. Bf2 Qd8 18. Bh4 Bc6 19. h3 Qa8 20. Rxe8 Qxe8 21.
Re1 Qg6 22. Kh2 Nh5 23. Bd3 Qh6 24. Be7 Rg8 25. Bc4 bxc5 26. Bxc5 d5 27. Bxd5
Qg6 28. g4 Qc2+ 29. Qf2 Qxf2+ 30. Bxf2 Bxd5 31. gxh5 h6 32. Re7 Rf8 33. Rxc7
Rxf3 34. Bxa7 Bxa2 35. c4 Rc3 36. c5 Be6 37. Re7 Bf5 38. Re5 Bxh3 39. c6 Bg4 40.
Bd4 Rxc6 41. Re8+ Kh7 42. Re7 Rc2+ 43. Kg3 Bd1 44. Rxg7+ Kh8 45. Rg6+ Kh7 46.
Be5 Rc5 47. Kf4 Rxe5 48. Kxe5 Bxh5 49. Rg1 Bf7 50. Kf6 Ba2 51. Ra1 Bc4 52. Ra7+
Kh8 53. Kg6 Bd3+ 54. Kxh6 Bc4 55. Rc7 Ba2 56. Rc5 Bb3 57. Kg6 Ba2 58. Rc1 Bb3
59. Rc5 Ba2 60. Rb5 Bc4 61. Rb8+ Bg8 62. Rb7 Bc4 63. Rd7 Ba2 64. Rd1 Bb3 65. Rd2
Bc4 66. Rd1 Bb3 67. Rc1 Bd5 68. Re1 Bc4 69. Re3 Bd5 70. Re1 Bc4 71. Rh1+ Kg8 72.
Rd1 Kh8 73. Rd2 Bb3 74. Rh2+ Kg8 75. Rb2 Bf7+ 76. Kf6 Bc4 77. Rb4 Bd5 78. Rg4+
Kh8 79. Kg6 Bb3 80. Rb4 Ba2 81. Ra4 Bb3 82. Ra3 Bd5 83. Ra4 Bb3 84. Rb4 Ba2 85.
Rb7 Bc4 86. Rh7+ Kg8 87. Rd7 Kh8 88. Rh7+ Kg8 89. Rc7 Bd3+ 90. Kf6 Bb1 91. Rg7+
Kh8 92. Rg1 Bd3 93. Rg2 Be4 94. Rd2 Bb1 95. Kf7 Be4 96. Rh2+ Bh7 97. Rg2 Be4 98.
Rg5 Bd3 99. Rg8+ Kh7 100. Rg4 Kh8 101. Rh4+ Bh7 102. Kf6 Kg8 103. Rb4 Bd3 104.
Rg4+ Kh8 105. Kf7 Bc2 1/2-1/2

[Event "67th ch-RUS HL w 2017"]
[Site "Sochi RUS"]
[Date "2017.07.05"]
[Round "4.10"]
[White "Diakonova, Ekaterina"]
[Black "Travkina, Anastasia"]
[Result "1/2-1/2"]
[BlackTitle "WFM"]
[WhiteElo "2292"]
[BlackElo "2260"]
[WhiteFideId "24172936"]
[BlackFideId "24129151"]
[EventDate "2017.07.02"]

1. e4 c5 2. Nf3 d6 3. d4 Nf6 4. Nc3 cxd4 5. Nxd4 a6 6. Bg5 Nbd7 7. Qe2 h6 8. Bd2
g6 9. O-O-O Bg7 10. f3 Qc7 11. Nb3 b5 12. a3 Ne5 13. Qf2 Nc4 14. Bxc4 bxc4 15.
Nd4 Rb8 16. Nd5 Nxd5 17. exd5 O-O 18. Bc3 Qc5 19. Qe1 Bb7 20. Qxe7 Bxd5 21. Bb4
Rxb4 22. axb4 Qxb4 23. Qe3 h5 24. Rhf1 Rb8 25. Qa3 Qxa3 26. bxa3 c3 27. g3 Rb2
28. Nb3 Bc4 29. Rfe1 d5 30. Re8+ Bf8 31. Rc8 Kg7 32. Nd2 Ra2 33. Kb1 Rb2+ 34.
Kc1 Ra2 35. Kb1 Rb2+ 36. Kc1 Ra2 1/2-1/2

[Event "67th ch-RUS HL w 2017"]
[Site "Sochi RUS"]
[Date "2017.07.05"]
[Round "4.11"]
[White "Nasybullina, Alfia"]
[Black "Bivol, Alina"]
[Result "0-1"]
[WhiteTitle "WFM"]
[BlackTitle "WGM"]
[WhiteElo "2084"]
[BlackElo "2379"]
[WhiteFideId "4132416"]
[BlackFideId "4100123"]
[EventDate "2017.07.02"]

1. d4 f5 2. Nc3 Nf6 3. Bg5 d5 4. Bxf6 exf6 5. e3 Be6 6. Bd3 Nc6 7. Qf3 Qd7 8.
Nge2 O-O-O 9. Nf4 Bf7 10. O-O g5 11. Nh5 Be6 12. Nxf6 Qf7 13. Nfxd5 g4 14. Qg3
Bxd5 15. Nxd5 Qxd5 16. c4 Qf7 17. Qf4 Ne7 18. f3 gxf3 19. Qxf3 Kb8 20. Be4 Qxc4
21. Bxb7 Qb5 22. Ba8 c6 23. Bxc6 Qxc6 24. d5 Nxd5 25. Rac1 Bc5 0-1

[Event "67th ch-RUS HL w 2017"]
[Site "Sochi RUS"]
[Date "2017.07.05"]
[Round "4.12"]
[White "Maltsevskaya, Aleksandra"]
[Black "Potapova, Margarita"]
[Result "1-0"]
[BlackTitle "WFM"]
[WhiteElo "2254"]
[BlackElo "2203"]
[WhiteFideId "24174041"]
[BlackFideId "14126869"]
[EventDate "2017.07.02"]

1. e4 e5 2. Nf3 Nf6 3. Qe2 Nc6 4. d3 Bc5 5. c3 Bb6 6. h3 h6 7. Nbd2 O-O 8. g3 d6
9. Bg2 a6 10. O-O Ba7 11. Nc4 Be6 12. Be3 Bxe3 13. Nxe3 Qd7 14. Kh2 Rae8 15. Qc2
d5 16. exd5 Nxd5 17. Nc4 Bf5 18. Rfe1 f6 19. Nh4 Bh7 20. Qb3 Kh8 21. Qxb7 Rb8
22. Qxa6 g5 23. Nf3 Nce7 24. Qa3 Rfc8 25. Ncxe5 fxe5 26. Nxe5 Qe6 27. c4 Nb4 28.
Ng4 Qd6 29. Qc3+ Kg8 30. Rxe7 1-0

[Event "67th ch-RUS HL w 2017"]
[Site "Sochi RUS"]
[Date "2017.07.05"]
[Round "4.13"]
[White "Chernyak, Viktoria"]
[Black "Baraeva, Marina"]
[Result "1/2-1/2"]
[WhiteTitle "WFM"]
[BlackTitle "WIM"]
[WhiteElo "2251"]
[BlackElo "2169"]
[WhiteFideId "24165956"]
[BlackFideId "24142573"]
[EventDate "2017.07.02"]

1. Nf3 d5 2. c4 c6 3. e3 e6 4. Nc3 Bd6 5. d4 f5 6. Bd3 Nf6 7. Qc2 Ne4 8. b3 O-O
9. Bb2 Nd7 10. O-O-O a5 11. Ne5 Nxe5 12. dxe5 Bxe5 13. Nxe4 Bxb2+ 14. Qxb2 fxe4
15. Bxe4 a4 16. Bb1 b5 17. h4 Qf6 18. Qxf6 Rxf6 19. f3 bxc4 20. bxc4 Ba6 21.
cxd5 cxd5 22. Bd3 Bxd3 23. Rxd3 Rf7 24. Kb2 Rc7 25. Re1 Rb8+ 26. Ka3 Rc2 27. g4
Rbb2 28. Kxa4 Rxa2+ 29. Kb3 Rab2+ 30. Ka3 Rb6 31. e4 Rc7 32. Rb3 Rxb3+ 33. Kxb3
dxe4 34. Rxe4 Kf7 35. Rc4 Ra7 36. Rf4+ Ke7 37. Kc3 e5 38. Rf5 Ke6 39. Rf8 Ke7
40. Rf5 Ke6 41. Rf8 Kd5 1/2-1/2

[Event "67th ch-RUS HL w 2017"]
[Site "Sochi RUS"]
[Date "2017.07.05"]
[Round "4.14"]
[White "Khokhlova, Daria"]
[Black "Lingur, Zalina"]
[Result "0-1"]
[BlackTitle "WFM"]
[WhiteElo "2237"]
[BlackElo "2087"]
[WhiteFideId "24182729"]
[BlackFideId "34165670"]
[EventDate "2017.07.02"]

1. d4 d5 2. c4 c6 3. Nf3 Nf6 4. e3 e6 5. b3 Nbd7 6. Bd3 Bd6 7. Bb2 Ne4 8. O-O
O-O 9. Ba3 Bxa3 10. Nxa3 f5 11. b4 g5 12. Nd2 g4 13. Bxe4 dxe4 14. Nxe4 fxe4 15.
Qxg4+ Kh8 16. Qxe4 Rg8 17. b5 c5 18. dxc5 Qg5 19. f4 Nxc5 20. Qd4+ Qg7 21. Rf3
e5 22. Qxe5 Qxe5 23. fxe5 Bg4 24. Rf4 Bh3 25. g3 Rae8 26. Rd1 Rxe5 27. Nc2 Rge8
28. Rd6 Bf5 29. Nb4 Be4 30. Rf7 R5e7 31. Rf4 Re6 32. Rd4 R6e7 33. Kf2 b6 34. Rh4
Bb7 35. Nc2 Rf7+ 36. Rhf4 Rfe7 37. Rh4 Ne4+ 38. Ke1 Ng5 39. Kd2 Nf3+ 40. Kc3
Nxh4 41. Rxh4 Re4 42. Rxe4 Bxe4 43. Nd4 Kg7 44. a3 Kf6 0-1

[Event "67th ch-RUS HL w 2017"]
[Site "Sochi RUS"]
[Date "2017.07.05"]
[Round "4.15"]
[White "Dimitrova, Aleksandra"]
[Black "Samdanova, Surena"]
[Result "1-0"]
[WhiteTitle "WFM"]
[WhiteElo "2231"]
[BlackElo "1996"]
[WhiteFideId "24173371"]
[BlackFideId "24136646"]
[EventDate "2017.07.02"]

1. e4 c5 2. Nf3 d6 3. d4 cxd4 4. Nxd4 Nf6 5. Nc3 g6 6. Be3 Bg7 7. f3 Nc6 8. Qd2
O-O 9. O-O-O d5 10. Nxc6 bxc6 11. exd5 Nxd5 12. Bd4 Bxd4 13. Qxd4 Qc7 14. Qc5
Qb6 15. Qxb6 axb6 16. Nxd5 cxd5 17. a3 Ra5 18. Rd4 Rd8 19. Bd3 e5 20. Rb4 Rd6
21. Re1 Re6 22. h4 f5 23. Kd2 Kg7 24. f4 e4 25. Bf1 Ba6 26. Bxa6 Rxa6 27. Ke3
Kh6 28. Rb5 Rc6 29. c3 Ra5 30. Rxa5 bxa5 31. Kd4 Rb6 32. b4 axb4 33. cxb4 Kh5
34. Kxd5 Kxh4 35. Kc5 Re6 36. b5 Kg3 37. Re2 Kxf4 38. b6 Re5+ 39. Kc6 Re6+ 40.
Kc7 Re7+ 41. Kd6 Rf7 42. a4 Rf6+ 43. Kc5 e3 44. b7 Rf8 45. a5 Ke4 46. a6 Kd3 47.
Rxe3+ Kxe3 48. a7 Kf2 49. a8=Q 1-0

[Event "67th ch-RUS HL w 2017"]
[Site "Sochi RUS"]
[Date "2017.07.05"]
[Round "4.16"]
[White "Pustovoitova, Daria"]
[Black "Avdeenko, Tatiana"]
[Result "1-0"]
[WhiteTitle "FM"]
[BlackTitle "WFM"]
[WhiteElo "2406"]
[BlackElo "2123"]
[WhiteFideId "4182146"]
[BlackFideId "4177452"]
[EventDate "2017.07.02"]

1. d4 d6 2. Nf3 Nf6 3. c4 g6 4. Nc3 Bf5 5. Nh4 Bd7 6. g3 Bg7 7. Bg2 Nc6 8. O-O
O-O 9. b3 e5 10. e3 Qc8 11. Bh1 Bg4 12. Qd3 g5 13. Nf3 e4 14. Nxe4 Nxe4 15. Qxe4
Bf5 16. Qd5 Nb4 17. Qa5 c5 18. Ne1 Bh3 19. Bg2 h6 20. Bb2 Re8 21. Bxh3 Qxh3 22.
Qc7 cxd4 23. Bxd4 Bxd4 24. exd4 Nc6 25. Rd1 Re7 26. Qxd6 Rd8 27. Qc5 Re2 28. Rd3
g4 29. Ng2 Ne5 30. dxe5 Ra8 1-0